000
00298nam a2200133Ia 4500
100
_a
McLaughlin/Brett D
942
_c
BK
366
_f
25
245
_a
Head first object oriented analysis and design
260
_b
O'reilly
_c
2007
300
_a
600
546
_a
ENGLISH
_c
electronics
999
_c
20386
_d
20386